000 00898nam a2200253Ia 4500
003 OSt
005 20220930062150.0
006 a|||||r|||| 00| 0
007 ta
008 220926b |||||||| |||| 00| 0 eng d
024 _a750
037 _cTheses
040 _aCRL
_cCRL
_beng
041 _2eng
_aeng
100 _aDhall Rajesh Kumar
_9520657
110 _aUniversity of Delhi. Faculty of Medical Science. Department of Anaesthesiology
_9520658
245 0 _aEfficiacy of methylergometrine maleate (Methergin) in the prophylaxis of post spinal hypotension-A double blind study
260 _c1986
650 _aANESTHETICS
_9519569
700 _a Dr K M Rajendran Supervisor
_9520659
700 _aUniversity of Delhi. Faculty of Medical Science. Department of Anaesthesiology
_9520660
942 _cDIS
_2CC
999 _c855166
_d855166